000 00717nam a2200241 a 4500
001 6794
003 BD-RjUL
005 20211208234320.0
008 14 r19781967enk 001 0 eng d
020 _a0582317541
035 _a(BD-RjUL)6836
040 _aBD-RjUL
_beng
_cBD-RjUL
_dBD-RjUL
041 _aeng
082 0 4 _216
_a519
_bBAS 1978
100 1 _aBackhouse, John K.
_q(John Kenneth)
_921357
245 1 0 _aStatistics :
_ban introduction to tests of significance /
_cJ.K. Backhouse.
260 _aLondon :
_bLongman,
_c1967 [impression 1978].
300 _aix, 197 p. :
_bill. ;
_c22 cm.
504 _aIncludes index.
650 0 _aStatistics.
_921358
830 0 _aMathematical topics
_921365
942 _2ddc
_cBK
999 _c6794
_d6794